| Поле | Название | Значение |
| |
Тип записи |
a |
| |
Библиографический уровень |
m |
| 001 |
Контрольный номер |
a15c7e4cf2de442fabc7052748164252 |
| 005 |
Дата корректировки |
20201206204003.0 |
| 010 |
Индекс ISBN |
__ |
| a |
ISBN |
5-89531-016-8 |
| d |
Цена |
28-00 |
| 101 |
Язык документа |
0_ |
| a |
Язык текста |
ger |
| 200 |
Заглавие и сведения об ответственности |
1_ |
| a |
Заглавие |
Wir singen Deutsch |
| e |
Сведения, относящиеся к заглавию |
сб. песен на нем. яз. |
| f |
Первые сведения об ответственности |
сост.: Т. Ф. Пучковой |
| b |
Общее обозначение материала |
Текст |
| 200 |
Заглавие и сведения об ответственности |
__ |
| d |
Параллельное заглавие |
Поем по-немецки |
| 210 |
Выходные данные |
__ |
| a |
Место издания |
М. |
| c |
Издательство |
МарТ |
| d |
Дата издания |
1997 |
| 215 |
Физическое описание |
__ |
| a |
Объем |
80 с. |
| c |
Иллюстрации/тип воспроизводства |
ил. |
| 300 |
Общие примечания |
__ |
| a |
Общие примечания |
На нем. яз. |
| 330 |
Аннотация |
__ |
| a |
Аннотация |
Песни - неотъемлемая часть культуры любого народа. Ближе познакомиться с музыкальными традициями Германии Вам поможет сборник песен, составленный учителем немецкого языка и музыки. Песни помогут Вам в изучении немецкого языка: разучивая и распевая их, Вы запомните много новых слов, закрепите правильное произношение и знания грамматики. |
| 606 |
Тематические рубрики |
__ |
| a |
Основная рубрика |
Музыка и зрелищные искусства |
| y |
Географическая подрубрика |
Германия |
| 606 |
Тематические рубрики |
__ |
| a |
Основная рубрика |
Вокальная музыка |
| 610 |
Ключевые слова |
__ |
| a |
Ключевые слова |
немецкий язык; песни; немецкие песни; немецкие традиции; традиции; грамматика; произношение языка |
| 686 |
Индексы других классификаций |
__ |
| a |
Классификационный индекс |
85.94я438 |
| 702 |
Вторичная интеллектуальная ответственность |
_1 |
| a |
Фамилия |
Пучкова |
| b |
Имя |
Т. Ф. |
| 4 |
Код отношения |
Составитель |
| 4 |
Код отношения |
220 |
| 801 |
Источник записи |
_0 |
| a |
Страна |
RU |
| b |
Организация |
Муниципальное бюджетное учреждение культуры "Централизованная библиотечная система" г. Сургут (Центральная городская библиотека им. А. С. Пушкина) |
| g |
Правила каталогизации |
ОИЛ/Рутковская |
| 801 |
Источник записи |
_1 |
| a |
Страна |
RU |
| b |
Организация |
Муниципальное бюджетное учреждение культуры "Централизованная библиотечная система" г. Сургут (Центральная городская библиотека им. А. С. Пушкина) |
| g |
Правила каталогизации |
ОИЛ/Рутковская |
| 852 |
Данные о местонахождении |
__ |
| j |
Шифр хранения |
85.94я438 |
| c |
Каталожный индекс |
85.94я438 |
| i |
Авторский знак |
W 76 |
| p |
Инвентарный номер |
Б/Н |
| 901 |
Тип документа |
__ |
| t |
Тип документа |
m |
| 903 |
Характеристики (МАРС) |
__ |
| a |
Дата передачи |
20020429 |
| 969 |
Тип издания |
__ |
| a |
Тип издания |
песенник |
| 990 |
Данные о заказе (DOS) |
__ |
| h |
N записи в КСУ для Б/У (DOS) |
200205 |
| j |
Количество экземпляров (DOS) |
1 |